Welcome to CU Library Online Public Access Catalogue (OPAC)

Human resource management; (Record no. 5772)

MARC details
000 -LEADER
fixed length control field 00418nam a22001577a 4500
005 - DATE AND TIME OF LATEST TRANSACTION
control field 20250514172756.0
008 - FIXED-LENGTH DATA ELEMENTS--GENERAL INFORMATION
fixed length control field 250514b |||||||| |||| 00| 0 eng d
020 ## - INTERNATIONAL STANDARD BOOK NUMBER
International Standard Book Number 9780273643166
050 ## - LIBRARY OF CONGRESS CALL NUMBER
Classification number HF5549
Item number BEA
100 ## - MAIN ENTRY--PERSONAL NAME
Personal name Beardwell Ian
245 ## - TITLE STATEMENT
Title Human resource management;
Remainder of title a contemporary approach
250 ## - EDITION STATEMENT
Edition statement 3rd
260 ## - PUBLICATION, DISTRIBUTION, ETC.
Place of publication, distribution, etc. London
Name of publisher, distributor, etc. Pearson Education Ltd
Date of publication, distribution, etc. c2001
700 ## - ADDED ENTRY--PERSONAL NAME
Personal name Holden Len
942 ## - ADDED ENTRY ELEMENTS (KOHA)
Source of classification or shelving scheme Library of Congress Classification
Koha item type Books
Suppress in OPAC No
999 ## -
-- 5772
-- 5772
Holdings
Withdrawn status Lost status Source of classification or shelving scheme Damaged status Not for loan Collection Home library Current library Shelving location Date acquired Total checkouts Full call number Barcode Date last seen Copy number Price effective from Koha item type
    Library of Congress Classification     Non-fiction Undergraduate Library (Christ Temple) Undergraduate Library (Christ Temple) General stacks 05/14/2025   HF5549 BEA ulct00002388 05/14/2025 1 05/14/2025 Books
    Library of Congress Classification     Non-fiction Undergraduate Library (Christ Temple) Undergraduate Library (Christ Temple) General stacks 05/16/2025   HF 5549 BEA ulct00002431 05/16/2025 1 05/16/2025 Books
© 2023-2024 Copyright: Central University Libraries. All Rights Reserved | Created by: Mahone Tech Office